000
00266nam a22001217a 4500
020
_a
1-9043-5124-7
082
_a
823
_b
JEA/H
100
_a
JEAN
245
_a
ADAMSON, GARETH
_b
TOPSY+TIM
260
_a
LONDON
_b
LADYBIRD
650
_a
ENGLISH SHORT STORY
_z
UK
942
_c
BK
999
_c
4216
_d
4216